| 000 | 00716 a2200193 4500 | ||
|---|---|---|---|
| 999 |
_c9205 _d9205 |
||
| 020 | _a9780199538003 (pbk.) | ||
| 050 | 0 | 0 | _aJC177.A3PAI1995 |
| 100 | 1 |
_aPaine, Thomas, _d1737-1809. |
|
| 245 | 1 | 0 |
_aRights of man ; _bCommon sense : and other political writings / _cThomas Paine ; edited with an introduction and notes by Mark Philp. |
| 264 |
_aNew York: _bOxford, _cJC |
||
| 300 | _axxxiii, 504 p. ; | ||
| 500 | _aincludes index | ||
| 504 | _aIncludes bibliographical references (p. xxix-xxx) and index. | ||
| 650 | 0 | _aPolitical science | |
| 700 | 1 | _aPhilp, Mark. | |
| 700 | 1 | 2 |
_aPaine, Thomas, _d1737-1809. _tCommon sense. |
| 942 |
_2lcc _cBK _h177.A3 _iPAI _kJC |
||